Statistical methods for practice and research:a guide to data analysis using SPSS (Record no. 156302)
[ view plain ]
| 000 -LEADER | |
|---|---|
| fixed length control field | 00594nam a2200181Ia 4500 |
| 008 - FIXED-LENGTH DATA ELEMENTS--GENERAL INFORMATION | |
| fixed length control field | 210423s2008 xx 000 0 und d |
| 020 ## - INTERNATIONAL STANDARD BOOK NUMBER | |
| International Standard Book Number | 761935029 |
| 041 ## - LANGUAGE CODE | |
| Language code of text/sound track or separate title | eng |
| 082 ## - DEWEY DECIMAL CLASSIFICATION NUMBER | |
| Classification number | 005.55 GAUA |
| 100 ## - MAIN ENTRY--PERSONAL NAME | |
| Personal name | GAUR (Ajai S);GAUR (Sanjaya S) |
| 245 ## - TITLE STATEMENT | |
| Title | Statistical methods for practice and research:a guide to data analysis using SPSS |
| 260 ## - PUBLICATION, DISTRIBUTION, ETC. | |
| Place of publication, distribution, etc. | New Delhi |
| Name of publisher, distributor, etc. | Sage Publications |
| Date of publication, distribution, etc. | 2008 |
| 300 ## - PHYSICAL DESCRIPTION | |
| Extent | 163 |
| Other physical details | PB |
| 365 ## - TRADE PRICE | |
| Price amount | 295 |
| Currency code | INR |
| 650 ## - SUBJECT ADDED ENTRY--TOPICAL TERM | |
| Topical term or geographic name entry element | Social Groups |
| 650 ## - SUBJECT ADDED ENTRY--TOPICAL TERM | |
| Topical term or geographic name entry element | Social Sciences |
| 906 ## - LOCAL DATA ELEMENT F, LDF (RLIN) | |
| a | analysis ; data ; guide ; methods ; practice ; research:a ; SPSS ; Statistical ; using |
| Withdrawn status | Lost status | Damaged status | Not for loan | Collection code | Home library | Current library | Date acquired | Source of acquisition | Cost, normal purchase price | Total Checkouts | Full call number | Barcode | Date last seen | Price effective from | Koha item type |
|---|---|---|---|---|---|---|---|---|---|---|---|---|---|---|---|
| MAJMC | St Aloysius PG Library | St Aloysius PG Library | 10/10/2008 | Athulya Books | 295.00 | 005.55 GAUA | PG002775 | 08/24/2022 | 04/26/2021 | Book |